Cinco Minutos (Record no. 48048)
[ view plain ]
| 000 -LÍDER | |
|---|---|
| campo de controle de tamanho fixo | 00284 a2200133 4500 |
| 001 - NÚMERO DE CONTROLE | |
| campo de controle | 48048 |
| 040 ## - FONTE DA CATALOGAÇÃO | |
| Instituição que transcreveu o registro | Anchieta - Aquarius |
| 100 ## - ENTRADA PRINCIPAL--NOME PESSOAL | |
| Nome pessoal | Alencar, José de |
| 240 10 - TÍTULO UNIFORME | |
| Título uniforme | Cinco Minutos |
| Idioma da obra | por |
| 245 10 - TÍTULO | |
| Título | Cinco Minutos |
| 300 ## - DESCRIÇÃO FÍSICA | |
| Extensão | 38 |
| 650 #4 - ASSUNTO--TERMO TÓPICO | |
| Cabeçalho tópico ou nome geográfico | Literatura brasileira |
| 942 ## - ELEMENTOS DE ENTRADA ADICIONADOS (KOHA) | |
| Tipo de material Koha | Livros |
| Situação do descarte | Situação das perdas | Situação física | Não pode ser emprestado | Biblioteca de origem | Biblioteca atual | Data de aquisição | Total de empréstimos | Número de chamada completo | Código de barras | Data de último acesso | Data do preço efetivo | Tipo de material Koha | Fonte da classificação ou esquema de arquivamento na estante | Nota pública |
|---|---|---|---|---|---|---|---|---|---|---|---|---|---|---|
| Colégio Anchieta - Aquarius | Colégio Anchieta - Aquarius | 21/11/2023 | 869.93 ALE CIN | 7155/AQU | 21/11/2023 | 21/11/2023 | Livros | |||||||
| Novo Tempo - Aureliano São José | Novo Tempo - Aureliano São José | 24/05/2024 | nt929 | 24/05/2024 | 24/05/2024 | Livros | Classificação Decimal de Dewey | Estante Verde |